000 00554nam a22001817a 4500
003 OSt
005 20220107122758.0
008 150408b xxu||||| |||| 00| 0 eng d
040 _c
100 _aGiss George (93513005)
_96468
245 _aA wavelet neural network based approach to segment cancerous lesions from breast MRI
502 _bMPhil. Computer Science
_c2013 - 2014
_dINT
_eElizabeth Sherly
650 _aPRE-PROCESSING
_96469
650 _aSEGMENTATION
_96470
650 _aWAVELET
_96471
650 _aNEURAL NETWORK
_96472
942 _2ddc
_cPR
999 _c4609
_d4609